000 00600nam a2200229Ia 4500
005 20241216010045.0
008 180423s9999||||xx |||||||||||||| ||und||
020 _a84-7509-397-3
082 _a371.1
_bC241
100 _aCHADWICK C.B.
245 0 _aTECNOLOGIA EDUCACIONAL PARA EL DOCENTE
250 _a0
260 _aESPAÑA
_bPAIDOS S.A.
_c1997
300 _a178 pag.
_c22 cm
341 _h0
490 _v0
_a0
505 _aMODELO-ENSEÑANZA-APRENDISAJE/DISEÑO-TECNOLOGIA EDUCACIONAL
541 _aC
_d17-Oct-98
650 _aCIENCIAS SOCIALES
856 _zHumanidades
942 _cLIBRO
999 _c4400
_d4400